| 000 | 00690nam a2200217 a 4500 | ||
|---|---|---|---|
| 005 | 20240626063657.0 | ||
| 008 | 991125s1999 es 000 0 spa u | ||
| 020 | _a8432994243 | ||
| 035 | _aUPN01000000535 | ||
| 049 | _aCG | ||
| 050 | 4 |
_aLC4019 _bC6.3 |
|
| 100 | 1 | _aComplo, Jannita Marie | |
| 245 | 1 | 0 |
_aActividades creativas en la educación especial : _bmotricidad y lenguaje / _cJannita Marie Complo. |
| 260 |
_aBarcelona [Esp.] : _bCEAC, _c[1999]. |
||
| 300 |
_a100 p. : _bil. |
||
| 440 | 0 | _aEducación y enseñanza | |
| 650 | 4 |
_aActividades creativas y trabajos preescolares _9138 |
|
| 650 | 4 |
_aEducación especial _93029 |
|
| 650 | 7 |
_aEducación psicomotriz _2 _95394 |
|
| 905 | _aLibro | ||
| 999 |
_c535 _d535 |
||